Detalles MARC
| 000 -LIDER |
| fixed length control field |
01222nam a22003497a 4500 |
| 001 - NÚMERO DE CONTROL |
| Identificador de número de control |
000698 |
| 003 - IDENTIFICACDOR DE NÚMERO DE CONTROL |
| control field |
DO-SdBPM |
| 005 - DATE AND TIME OF LATEST TRANSACTION |
| control field |
20260304120428.0 |
| 007 - CAMPOS FIJOS DE DESCRIPCIÓN FÍSICA |
| fixed length control field |
ta |
| 008 - ELEMENTOS DE LONGITUD FIJA |
| fixed length control field |
161114b 2003 sp a ||||| |||| 00| 0 spa d |
| 020 ## - ISBN |
| International Standard Book Number |
8420443573 |
| 040 ## - FUENTE DE CATALOGACIÓN |
| Agencia que crea de manera original el registro |
DO-SdBPM |
| Idioma de catalogación |
spa |
| Agencia que realiza la transcripción |
BPMSU |
| Convenciones de la despripción |
rda |
| 082 04 - NÚMERO DE CLASIFICACIÓN DECIMAL DE DEWEY |
| Classification number |
823.91 |
| Item number |
A291c 2003 |
| Edition number |
22 |
| 100 1# - ASIENTO PRINCIPAL -- NOMBRE PERSONAL |
| Nombre personal |
Aiken, Joan, |
| Fechas asociadas con el nombre |
1924-2004 |
| Mención de responsabilidad |
autor |
| Término de relación |
aut. |
| 245 10 - MENCIÓN DE TITULO |
| Título |
Cuentos del cuervo de Arabel / |
| Mención de responsabilidad |
Joan Aiken ; ilustraciones de Quentin Blake ; traducción, Barbara Mcshane y Javier Alfaya. |
| 250 ## - MENCIÓN DE EDICION |
| Mención de edición |
5a ed. |
| 264 ## - PRODUCTION, PUBLICATION, DISTRIBUTION, MANUFACTURE, AND COPYRIGHT NOTICE |
| Place of production, publication, distribution, manufacture |
Madrid : |
| Name of producer, publisher, distributor, manufacturer |
Alfaguara, |
| Date of production, publication, distribution, manufacture, or copyright notice |
2003. |
| 300 ## - DESCRIPCIÓN FÍSICA |
| Extensión |
229 páginas : |
| Otros detalles físicos |
ilustraciones ; |
| Dimensiones |
20 cm. |
| 336 ## - CONTENT TYPE |
| Content type term |
texto |
| Content type code |
txt |
| Source |
rdacontent |
| 337 ## - MEDIA TYPE |
| Media type term |
sin mediación |
| Media type code |
n |
| Source |
rdamedia |
| 338 ## - CARRIER TYPE |
| Carrier type term |
volumen |
| Carrier type code |
nc |
| Source |
rdacarrier |
| 490 0# - MENCIÓN DE SERIES |
| Mención de serie |
Próxima parada Alfaguara |
| 500 ## - NOTA GENERAL |
| Nota general |
Para niños a partir de los 10 años. |
| 500 ## - NOTA GENERAL |
| Nota general |
Incluye datos de la autor |
| 534 ## - NOTA SOBRE LA VERSIÓN ORIGINAL |
| Frase introductoria |
Título original: |
| Mención del título original |
Tales of Arabel's raven. |
| 590 ## - NOTA LOCAL |
| Texto de la nota local |
Inventariado, 2026/VM |
| 650 #7 - ENCABEZAMIENTO DE MATERIA--TEMÁTICO |
| Término temático o nombre geográfico como elemento de entrada |
Cuentos infantiles ingleses. |
| 650 #7 - ENCABEZAMIENTO DE MATERIA--TEMÁTICO |
| Término temático o nombre geográfico como elemento de entrada |
Cuervos |
| Subdivisión de forma |
Cuentos infantiles |
| 700 1# - ASIENTO SECUNDARIO -- NOMBRE PERSONAL |
| Nombre personal |
Blake, Quentin, |
| Fechas asociadas con el nombre |
1932- |
| Mención de responsabilidad |
ilustraciones |
| 910 ## - VALIDACIÓN |
| Validación |
VMateo V. Control de calidad. BPMSU |
| 942 ## - ADDED ENTRY ELEMENTS (KOHA) |
| Source of classification or shelving scheme |
Dewey Decimal Classification |
| Koha item type |
Libros |